Gay semiotics A photographic study of visual coding among homosexual men
Gorde:
| Egile nagusia: | |
|---|---|
| Formatua: | Liburua |
| Hizkuntza: | ingelesa |
| Argitaratua: |
Cherry & Martin
|
| Etiketak: |
Etiketarik gabe, Izan zaitez lehena erregistro honi etiketa jartzen!
|
MARC
| LEADER | 00000nam a2200000 4500 | ||
|---|---|---|---|
| 005 | 20240918181816.0 | ||
| 008 | 240731b |||||||| |||| 00| 0 eng d | ||
| 020 | |a 978-0976184171 | ||
| 040 | |c GP | ||
| 100 | |a Fischer, Hal | ||
| 245 | |a Gay semiotics |b A photographic study of visual coding among homosexual men | ||
| 260 | |b Cherry & Martin | ||
| 942 | |2 ddc |c BK |n 0 | ||
| 952 | |0 0 |1 0 |2 ddc |4 0 |6 306_766770000000000_FIS |7 1 |9 1760 |a RM |b RM |d 2024-07-31 |l 0 |o 306.766770 FIS |p 578 |r 2024-07-31 19:16:52 |w 2024-07-31 |y BK | ||
| 999 | |c 1576 |d 1576 | ||